La crisis rebota en Centroamérica
Gorde:
| Formatua: | Texto |
|---|---|
| Gaiak: | |
| Etiketak: |
Etiketa erantsi
Etiketarik gabe, Izan zaitez lehena erregistro honi etiketa jartzen!
|
MARC
| LEADER | 00000 a a2200000 04500 | ||
|---|---|---|---|
| 001 | 1407 | ||
| 003 | |||
| 040 | |||
| 245 | |a La crisis rebota en Centroamérica | ||
| 650 | |a ECONOMIA | ||
| 650 | |a ELECTRICIDAD | ||
| 650 | |a PRECIOS | ||
| 650 | |a CENTROAMERICA | ||
| 773 | |g número 70; páginas 26-27 | ||
| 999 | |c 36831 |d 36831 | ||
